परमवीर परवाने 1 (Record no. 173382)
[ view plain ]
| 000 -LEADER | |
|---|---|
| fixed length control field | 00864nam a22001937a 4500 |
| 005 - DATE AND TIME OF LATEST TRANSACTION | |
| control field | 20240517105216.0 |
| 010 ## - LCCN (DPL NO) | |
| LC control number | HIN-118377 |
| 020 ## - INTERNATIONAL STANDARD BOOK NUMBER | |
| Terms of availability | 495.00 |
| International Standard Book Number | 978-81-8166-571-3 |
| 035 ## - SYSTEM CONTROL NUMBER | |
| System control number | HN-90723 |
| 037 ## - SOURCE OF ACQUISITION | |
| Source of stock number/acquisition | DBAD/PUB |
| 082 ## - DEWEY DECIMAL CLASSIFICATION NUMBER | |
| Classification number | 821 |
| 100 ## - MAIN ENTRY--PERSONAL NAME | |
| Personal name | जैन, प्रभाकिरण |
| 245 ## - TITLE STATEMENT | |
| Title | परमवीर परवाने 1 |
| Remainder of title | परमवीर चक्र विजेताओं की शौर्य गाथाएँ / |
| Statement of responsibility, etc | प्रभा किरण जैन |
| 246 ## - VARYING FORM OF TITLE | |
| Title proper/short title | Paranveer Parvane / |
| 260 ## - PUBLICATION, DISTRIBUTION, ETC. (IMPRINT) | |
| Place of publication, distribution, etc | दिल्ली |
| Name of publisher, distributor, etc | मेधा बुक्स |
| Date of publication, distribution, etc | 2018 |
| 270 ## - ADDRESS | |
| Address | एक्स-11, नवीन शाहदरा |
| City | दिल्ली |
| Postal code | 110032 |
| Telephone number | 9891022477 |
| Electronic mail address | medhabooks@gmail.com |
| 300 ## - PHYSICAL DESCRIPTION | |
| Extent | 91पृ. |
| Dimensions | 23सेमी (सजिल्द) |
| Other physical details | सचित्र |
| 942 ## - ADDED ENTRY ELEMENTS (KOHA) | |
| Source of classification or shelving scheme | Dewey Decimal Classification |
| Item type | Hindi Books |
| Classification part | 821 |
| Call number suffix | जैन |
| Withdrawn status | Lost status | Not for loan | Collection code | Home library | Current library | Date acquired | Source of acquisition | Cost, normal purchase price | Full call number | Barcode | Copy number | Cost, replacement price | Koha item type |
|---|---|---|---|---|---|---|---|---|---|---|---|---|---|
| Non-fiction | Ashok Vihar | Ashok Vihar | 24/02/2020 | DBAD/PUB | 495.00 | 821 जैन | HN-90723 | 1 | 495.00 | Hindi Books |
